Využití telematiky v dopravní logistice

Pojem eLogistika. Potreba informácií v dopravnej logistike. Spojenie telematických systémov a sieťového využitia informačných technológií pre prenos informácií. Koncepcia riešenia eLogistiky. Význam informácií pre poskytovateľov logistických služieb.

Guardado en:
Detalles Bibliográficos
Autor principal: Cempírek, Václav
Otros Autores: Pydychová, Petra
Formato: Capítulo de libro
Lenguaje:checo
Materias:
Etiquetas: Agregar Etiqueta
Sin Etiquetas, Sea el primero en etiquetar este registro!

MARC

LEADER 00000naa$a2200000$$$4500
001 0004327
005 20231003123727.5
041 0 |a cze 
044 |a CZ 
245 1 0 |a Využití telematiky v dopravní logistice  |c aut. Václav Cempírek, Petra Pydychová 
520 |a Pojem eLogistika. Potreba informácií v dopravnej logistike. Spojenie telematických systémov a sieťového využitia informačných technológií pre prenos informácií. Koncepcia riešenia eLogistiky. Význam informácií pre poskytovateľov logistických služieb. 
610 2 0 |a logistika 
610 2 0 |a telematika 
610 2 0 |a doprava 
610 2 0 |a reťazce dodávateľsko-odberateľské 
610 2 0 |a pojmy 
100 1 |a Cempírek, Václav 
700 1 |a Pydychová, Petra